000 00642nam a2200277Ia 4500
005 20260324140257.0
008 008 260324s9999 xx 000 0 eng d
020 _a9780429353710
037 _aEBOOK
040 _aCRL
040 _beng
040 _cCRL
041 _2eng
041 _aeng
084 _qCRL
100 _aBetty T Bennett
_91203785
245 0 _aLives of the Great Romantics, Part III
260 _bTaylor and Francis
260 _c1999
365 _a
365 _b720
856 _uhttp://www.taylorfrancis.com/books/9780429353710
942 _cEBOOK
999 _c1805698
_d1805698